Доказування у кримінальному провадженні (Запис № 423259)
[ простий вигляд ]
| 000 -Лідер | |
|---|---|
| fixed length control field | 02731nam a22002657a 4500 |
| 001 - Контрольний номер | |
| control field | 134397 |
| 003 - Ідентифікатор контрольного номера | |
| control field | UA-OsUOA |
| 005 - Дата та час останнього входження (трансакції) | |
| control field | 20230504161359.0 |
| 007 - Фіксоване поле фізичного опису | |
| fixed length control field | ta |
| 008 - Елементи даних фіксованої довжини – загальна інформація | |
| fixed length control field | 20181203b un ||||| |||| 00| 0 ukr d |
| 020 ## - Міжнародний стандартний книжковий номер (ISBN) | |
| Міжнародний стандартний книжковий номер (ISBN) (НП) | 978-966-941-111-2 |
| 040 ## - Джерело каталогізації | |
| Агенція оригінальної каталогізації | UA-OsUOA |
| Мова каталогізації | ukr |
| Агенція, яка здійснювала перезапис | UA-OsUOA |
| Агенція, яка здійснювала модифікацію | UA-OsUOA |
| 041 ## - Код мови | |
| Код мови тексту/ звукової доріжки чи окремого заголовка (П) | ukr |
| 080 ## - Індекс Універсальної десяткової класифікації | |
| Індекс Універсальної десяткової класифікації (УДК) (НП) | 343.14(075.8) |
| 090 ## - Локальний шифр розміщення | |
| Класифікаційний індекс УДК | 343.14(075.8) |
| Авторський знак (НП) | Г93 |
| 100 ## - Основне введення – ім’я особи | |
| Ім’я особи (НП) | Гузела М. В. |
| 245 ## - Відомості про назву | |
| Назва (НП) | Доказування у кримінальному провадженні |
| Решта назви (НП) | навчальний посібник |
| Дані про відповідальність (НП) | В. С. Канцір, М. М. Олашин, С. О. Сорока ; за ред. В. С. Канціра |
| 260 ## - Публікація, розповсюдження і т.п. (Вихідні дані) | |
| Місце публікації, розповсюдження і т.п. (П) | Львів |
| Ім’я/ наймення видавництва, розповсюджувача і т.п. (П) | ЛП |
| Дата публікації, розповсюдження і т.п. (П) | 2018 |
| 300 ## - Фізичний опис | |
| Обсяг | 236 с. |
| 520 ## - Резюме і т.п. | |
| Резюме, реферат, анотація, тощо (НП) | Навчальний посібник підготовлено відповідно до Кримінального процесуального кодексу України 2012 р. з урахуванням поточних змін кримінального процесуального законодавства, роз’ясненням норм інститутів доказового права, зокрема, історії розвитку доказового права та його витоків; чинного законодавства, яке регламентує процес доказування та практику його застосування; наукові концепції та тенденції щодо розвитку доказового права в Україні; закордонний досвід щодо встановлення окремих елементів процесу доказування та їх удосконалення. Окремо запропоновано тези лекцій для виконання тестових завдань, казуси (задачі), завдання для самостійного вивчення, перелік законодавчої та бібліографічної бази. Посібник відповідає програмі навчальної дисципліни "Доказування у кримінальному процесі".<br/>Для студентів, аспірантів, слухачів і курсантів юридичних навчальних закладів, викладачів, учених-науковців, а також практичних працівників - суддів, прокурорів, слідчих, адвокатів. |
| 650 #7 - Додаткове предметне введення – тематичний термін | |
| Тематичний термін чи географічна назва, як елемент введення (НП) | 343 Кримінальне право. Карні порушення |
| Джерело заголовка чи терміна | UDC |
| 942 ## - Додаткові елементи входу (Коха) | |
| Тип елемента Koha | Книги |
| Source of classification or shelving scheme | Universal Decimal Classification |
| 955 ## - Код типу видання за змістом | |
| Код типу видання за змістом (НП) | Навчальні видання |
| Стан вилучень | Стан втрат | Джерело класифікації або схеми стелажів | Стан уражень | Не для кредиту | Постійне місце розташування | Поточне розміщення | Дата придбання | Джерело придбання | Вартість, звичайна ціна покупки | Інвентарний номер | Усього замовленно | Повний номер виклику | Штрих-код | Дата останнього перегляду | Ціна ефективна від | Тип елемента Koha |
|---|---|---|---|---|---|---|---|---|---|---|---|---|---|---|---|---|
| Universal Decimal Classification | ЧЗ - Читальна зала | ЧЗ - Читальна зала | 03/12/2018 | 50/2018 | 160.00 | 160577 | 343.14(075.8) Г93 | 160577 | 09/02/2022 | 03/12/2018 | Книги |